LEADER 02336nam a2200265 i 4500 001 000000038960 003 CaOOAMICUS 005 20221025143146.0 008 931231n1726 it u000 u ita u 013 $a9580 026 $a i-l- e.e: $be:ce DiLo (3)$c1726 (R) 040 $aSeMil$bita 100 1 $aAlighieri, Dante,$d<1265-1321>.$0(OLS)http://semarc/name/453 245 10$a[2]: Rimario di tutte le desinenze de' versi della Divina Commedia di Dante Alighieri ordinato ne' suoi versi interi co' numeri segnati in ciascun terzetto ; i quali citano distintamente i Capitoli dell'Inferno, del Purgatorio, e del Paradiso. Opera già pubblicata in Napoli l'anno 1602 da Carlo Noci, presso Gian-Jacopo Carlino, ed ora notabilmente migliorata, arricchita d'un indice delle sole rime, e in tutto corrispondente al testo de' signori accademici della Crusca. 264 1$aIn Padova :$bPresso Giuseppe Comino,$c1726. 300 $a557, [3] p. ;$c8° 500 $aSegnatura.: A-2M? (2M? bianca) 650 4$aAlighieri, Dante <1265-1321> . Divina Commedia - Commentari e studi.$0(OLS)http://semarc/subject/2968 773 0 $aAlighieri, Dante <1265-1321>$tDivina commedia di Dante Alighieri, già ridotta a miglior lezione dagli Accademici della Crusca; ed ora accresciuta di un doppio rimario, e di tre indici copiosissimi, per opera del signor Gio. Antonio Volpi ... Il tutto distribuito in tre volumi ...$dIn Padova : Appresso Giuseppe Comino, 1726-1727 (In Padova : [Giovanni e Gaetano Volpi])$w()25168 850 $aSeMil 852 $aSeMil$W1$xVenegono$y1$m1M II 2 FA$j5115$B5115$CSeMilBibl$Z2$F5115 $8I 961 $aOmaggio: Biblioteca Seminario Seveso (fino al 1985) 996 $6245$a[2]: Rimario di tutte le desinenze de' versi della Divina Commedia di Dante Alighieri ordinato ne' suoi versi interi co' numeri segnati in ciascun terzetto ; i quali citano distintamente i Capitoli dell'Inferno, del Purgatorio, e del Paradiso. Opera già pubblicata in Napoli l'anno 1602 da Carlo Noci, presso Gian-Jacopo Carlino, ed ora notabilmente migliorata, arricchita d'un indice delle sole rime, e in tutto corrispondente al testo de' signori accademici della Crusca$9(OLS)http://semarc/title/295230 996 $6264$aIn Padova :$bPresso Giuseppe Comino$9(OLS)http://semarc/publisher/36696 LEADER 01110nam a2200277 i 4500 001 000000105283 003 CaOOAMICUS 005 20030916000000.0 008 030916s1992 it u000 u ita u 013 $a77473 020 $a88-07-81127-8 040 $aSeMil$bita 100 1 $aBaudrillard, Jean,$d<1929-2007>.$0(OLS)http://semarc/name/21744 245 13$aLo scambio simbolico e la morte /$cJean Baudrillard. 260 $aMilano :$bFeltrinelli,$c1992. 300 $a254 p. ;$c20 cm. 500 $aTitolo originale : l'échange symbolique et la mort. 650 4$aPsicologia sociale.$0(OLS)http://semarc/subject/627 650 4$aSimboli.$0(OLS)http://semarc/subject/9095 650 4$aMorte.$0(OLS)http://semarc/subject/6140 850 $aSeMil 852 $aSeMil$W1$xVenegono$y1$m3M I 98$j61539$B61539$CSeMilBibl$Z2$F95911 $81 961 $aOmaggio: Caspani don Pierpaolo 996 $6020$a88-07-81127-8$9(OLS)http://semarc/number/85331 996 $6245$aLo scambio simbolico e la morte$9(OLS)http://semarc/title/152475 996 $6260$aMilano :$bFeltrinelli$9(OLS)http://semarc/publisher/30237